Geography Quiz

Random Geography or World Quiz

'D' world metros Quiz Stats

 Plays Quiz not verified by Sporcle

Challenge
Share
Tweet
Embed
Score 0/20 Timer 07:00
0 Plays Today
Rank City % Correct
5Delhi, India
84%
47Dallas, USA
77.5%
61Detroit, USA (includes Windsor, Canada)
76.8%
138Denver, USA
76.7%
17Dhaka, Bangladesh
74%
152Dakar, Senegal
61%
298Dubai, UAE
59.7%
101Durban, South Africa
54%
148Damascus, Syria
51.1%
120Dar es Salaam, Tanzania
47.6%
Rank City % Correct
240Donetsk, Ukraine
29.5%
107Dalian, China
25.8%
344Dnepropetrovsk, Ukraine
24.2%
192Douala, Cameroon
23.3%
155Daegu, South Korea
21.2%
215Dammam, Saudi Arabia
15.4%
329Davao, Philippines
12.5%
311Daejeon, South Korea
8.2%
355Daqing, China
6.5%
348Dhanbad, India
5.5%

You're not logged in!

Compare scores with friends on all Sporcle quizzes.
OR
Log In

You Might Also Like...

Show Comments

Extras

Top Quizzes Today


Score Distribution

Your Account Isn't Verified!

In order to create a playlist on Sporcle, you need to verify the email address you used during registration. Go to your Sporcle Settings to finish the process.

Report this User

Report this user for behavior that violates our Community Guidelines.

Details: